Plan nacional de transporte : plan de corto plazo /

Guardado en:
Autor Corporativo: Poder ejecutivo nacional
Formato: Libro
Idioma:Spanish
Publicado: Buenos Aires : Poder ejecutivo nacional, 1979.
Etiquetas: Agregar Etiqueta
Sin Etiquetas, Sea el primero en etiquetar este registro!
LEADER 00520nam a22001455a 4500
001 EUN.um024396
003 AR-BaUNS
005 20050623122902.0
008 041125s1979####ag#a##########000#0#spa#d
245 1 0 |a Plan nacional de transporte :  |b plan de corto plazo /  |c Poder ejecutivo nacional. 
260 |a Buenos Aires :  |b Poder ejecutivo nacional,  |c 1979. 
300 |a 299 p. :  |b ilus. ;  |c 27,5 cm. 
082 0 4 |a 385.0982 
110 2 |a Poder ejecutivo nacional  |c Argentina. 
859 |a Ar-BaUNS  |b BIB. CENTRAL - Sector C  |h 385.0982  |i Ar37  |p 85059/980  |v 1979